| 000 | 00886nac a22002651u 4500 | ||
|---|---|---|---|
| 999 |
_c259 _d259 |
||
| 003 | EG-ScBUE | ||
| 005 | 20210321091050.0 | ||
| 008 | 200219r19981994le f 000 1 eng d | ||
| 040 |
_aEG-ScBUE _beng _erda _cEG-ScBUE _dEG-ScBUE |
||
| 082 | 0 | 4 |
_a823.912 _bCON _222 |
| 100 | 1 |
_aConrad, Joseph, _d1857-1924, _eauthor. |
|
| 245 | 1 | 0 |
_aHeart of darkness : _bwith an introduction, a guide, notes and a glossary / _cJoseph Conrad. |
| 250 | _aReprinted edition. | ||
| 264 | 1 |
_aBeirut : _bYork Press, _c1998. |
|
| 300 |
_axxiii, 158 pages ; _c18 cm. |
||
| 336 |
_2rdacontent _atext _btxt |
||
| 337 |
_2rdamedia _aunmediated _bn |
||
| 338 |
_2rdacarrier _avolume _bnc |
||
| 490 | 0 | _aYork classics | |
| 650 | 7 |
_aEuropeans _zAfrica _vFiction. _2BUEsh |
|
| 650 | 7 |
_aTrading posts _vFiction. _2BUEsh |
|
| 650 | 7 |
_aDegeneration _vFiction. _2BUEsh |
|
| 651 | _2BUEsh | ||
| 942 |
_cBB _k823C7541 _2ddc |
||